[Event "XVI Weekend A"]
[Site "Porto Sant'Elpidio ITA"]
[Date "2013.11.23"]
[Round "4"]
[White "Fratini, Mauro"]
[Black "Piergentili, Roberto"]
[WhiteElo "1880"]
[BlackElo "1762"]
[Result "0-1"]
[PlyCount "84"]
[EventDate "2013.11.16"]

1. Nf3 d5 2. g3 Nf6 3. Bg2 c6 4. d3 Nbd7 5. O-O e5 6. Nbd2 Be7 7. b3 O-O 8. Bb2
Qc7 9. c4 d4 10. a3 a5 11. Ne1 Re8 12. Nc2 Nf8 13. b4 axb4 14. axb4 Bf5 15. Nb3
Ng6 16. f4 exf4 17. Nbxd4 Bd7 18. h3 fxg3 19. Nf5 Bxf5 20. Rxf5 Nh4 21. Rfa5
Rxa5 22. Rxa5 Bxb4 23. Bxf6 gxf6 24. Rh5 Nxg2 25. Kxg2 Qf4 26. Qf1 Qxf1+ 27.
Kxf1 Bc3 28. e3 Ra8 29. Rh4 Ra2 30. Nd4 Bxd4 31. Rxd4 Kf8 32. Rh4 Ra3 33. Rd4
Ra2 34. Rg4 g2+ 35. Rxg2 Rxg2 36. Kxg2 b5 37. Kf3 Ke7 38. c5 Ke6 39. d4 Kd5 40.
Ke2 Kc4 41. Kd2 f5 42. Kc1 f4 0-1

[Event "XVI Weekend A"]
[Site "Porto Sant'Elpidio ITA"]
[Date "2013.11.23"]
[Round "4"]
[White "Giobbi, Costantino"]
[Black "Guglielmi, Dante"]
[WhiteElo "1846"]
[BlackElo "1910"]
[Result "0-1"]
[PlyCount "156"]
[EventDate "2013.11.16"]

1. d4 d5 2. Nf3 Nf6 3. Bf4 c5 4. c3 Qb6 5. Qb3 c4 6. Qc2 Nc6 7. Nbd2 Bg4 8. h3
Bh5 9. e3 Bg6 10. Qc1 h6 11. Be2 e6 12. Ne5 Nxe5 13. Bxe5 Be7 14. O-O O-O 15.
f3 Qc6 16. Bh2 b5 17. Bd1 Bd6 18. Bxd6 Qxd6 19. Bc2 Bxc2 20. Qxc2 e5 21. Rfe1
exd4 22. exd4 Rfe8 23. Nf1 Qf4 24. Qf2 a5 25. Rxe8+ Rxe8 26. Re1 Rxe1 27. Qxe1
b4 28. Qe3 Qd6 29. Nh2 a4 30. cxb4 Qxb4 31. Qc3 Qb6 32. Ng4 Nh5 33. Ne5 Nf4 34.
Kf2 f6 35. Nxc4 dxc4 36. Qxc4+ Kh7 37. Qc2+ g6 38. Kf1 h5 39. Qe4 Qc7 40. Kf2
f5 41. Qe8 Nd3+ 42. Kg1 Nxb2 43. d5 Qc5+ 44. Kh2 Qxd5 45. Qe7+ Kg8 46. Qe8+ Kg7
47. Qe7+ Qf7 48. Qe5+ Qf6 49. Qc7+ Kh6 50. Qf4+ g5 51. Qb8 Nd3 52. Qg8 Nf4 53.
Qe8 h4 54. Qxa4 Qd6 55. Kg1 Ne2+ 56. Kf2 Qd4+ 57. Qxd4 Nxd4 58. a4 Kg6 59. Ke3
Nc6 60. Kd3 Kf6 61. Kc4 Ke6 62. Kb5 Kd6 63. Kc4 Ne5+ 64. Kd4 Nd7 65. Kc4 Nb6+
66. Kb5 Nxa4 67. Kxa4 Ke5 68. Kb5 Kf4 69. Kc5 Kg3 70. Kd5 Kxg2 71. Ke5 Kxh3 72.
Kxf5 Kg3 73. Kxg5 h3 74. f4 h2 75. f5 h1=Q 76. f6 Qh8 77. Kf5 Kh4 78. Ke6 Qf8
0-1

[Event "XVI Weekend A"]
[Site "Porto Sant'Elpidio ITA"]
[Date "2013.11.23"]
[Round "4"]
[White "Iori, Massimiliano"]
[Black "Sagripanti, Michele"]
[WhiteElo "1984"]
[BlackElo "2120"]
[Result "0-1"]
[PlyCount "110"]
[EventDate "2013.11.16"]

1. d4 e5 2. dxe5 Nc6 3. Nf3 Qe7 4. Nc3 Nxe5 5. Nxe5 Qxe5 6. Qd5 Bd6 7. Qxe5+
Bxe5 8. Bd2 c6 9. e4 Nf6 10. f3 O-O 11. O-O-O d5 12. exd5 Bxc3 13. Bxc3 Nxd5
14. Bd4 Be6 15. c4 Nb6 16. b3 Nd7 17. Bd3 Rac8 18. Rhe1 c5 19. Bc3 Nb8 20. Be4
b6 21. Rd6 Rfd8 22. Red1 Rxd6 23. Rxd6 Kf8 24. g4 Ke7 25. Rd2 g6 26. g5 Nd7 27.
f4 Ke8 28. Rf2 Ke7 29. f5 gxf5 30. Bxf5 Bxf5 31. Rxf5 Rc6 32. h4 Re6 33. Rf1
Re4 34. Re1 Rxe1+ 35. Bxe1 Ke6 36. Kd2 Kf5 37. Ke3 a6 38. a4 Nf8 39. a5 bxa5
40. Bxa5 Ne6 41. b4 cxb4 42. Bxb4 Ke5 43. Bc3+ Kd6 44. Bb4+ Ke5 45. Bc3+ Kf5
46. Bb4 Kg4 47. Be1 Kf5 48. Bc3 Kg4 49. Be1 a5 50. Ke4 a4 51. Ke5 a3 52. Kf6 a2
53. Bc3 Kxh4 54. Kxf7 Nxg5+ 55. Ke7 Ne4 0-1

[Event "XVI Weekend A"]
[Site "Porto Sant'Elpidio ITA"]
[Date "2013.11.23"]
[Round "4"]
[White "Padovani, Alessio"]
[Black "Perogio, Lorenzo"]
[WhiteElo "1849"]
[BlackElo "1854"]
[Result "1-0"]
[PlyCount "95"]
[EventDate "2013.11.16"]

1. e4 e6 2. d4 d5 3. exd5 exd5 4. Bd3 Nf6 5. Nf3 Be7 6. O-O O-O 7. Bf4 b6 8. c3
Ba6 9. Bxa6 Nxa6 10. Qa4 Nb8 11. Ne5 Nh5 12. Be3 f6 13. Nd3 f5 14. Ne5 f4 15.
Bc1 Bd6 16. Qd1 Qh4 17. Nd2 Bxe5 18. Nf3 Qg4 19. dxe5 c6 20. b3 Nd7 21. c4 dxc4
22. bxc4 Rad8 23. Qc2 Qf5 24. Qxf5 Rxf5 25. Nd4 Rxe5 26. Nxc6 Rc8 27. Nxe5 Nxe5
28. Bb2 Nd3 29. Ba3 Rxc4 30. Rad1 Rc3 31. Bd6 Nf6 32. Bb8 a6 33. Rd2 Ne4 34.
Re2 Ng5 35. f3 Nc1 36. Rb2 b5 37. Bxf4 Nd3 38. Bd2 Ra3 39. Rb3 Rxb3 40. axb3
Ne6 41. Ra1 Nec5 42. Rb1 Kf7 43. Be3 Ke6 44. Kf1 a5 45. Ke2 a4 46. b4 Nb3 47.
Kxd3 Kd5 48. Kc3 1-0

[Event "XVI Weekend A"]
[Site "Porto Sant'Elpidio ITA"]
[Date "2013.11.23"]
[Round "4"]
[White "Rinaudo, Andrea"]
[Black "Marvulli, Dario"]
[WhiteElo "2079"]
[BlackElo "1889"]
[Result "1-0"]
[PlyCount "37"]
[EventDate "2013.11.16"]

1. e4 e5 2. Nf3 Nc6 3. Nc3 Nf6 4. Bb5 Bc5 5. O-O d6 6. d4 exd4 7. Nxd4 Bd7 8.
Nf5 O-O 9. Bg5 h6 10. Bh4 Kh7 11. Nxg7 Bd4 12. Nh5 Rg8 13. Bxc6 Bg4 14. Qxd4
Bxh5 15. Qxf6 Qxf6 16. Bxf6 bxc6 17. f3 Rg6 18. Bh4 Rag8 19. g4 1-0

[Event "XVI Weekend A"]
[Site "Porto Sant'Elpidio ITA"]
[Date "2013.11.23"]
[Round "4"]
[White "Rinaudo, Claudio"]
[Black "Balzano, Filli"]
[WhiteElo "1790"]
[BlackElo "1944"]
[Result "0-1"]
[PlyCount "68"]
[EventDate "2013.11.16"]

1. d4 Nf6 2. Nf3 e6 3. e3 b6 4. Bd3 Bb7 5. Nbd2 Be7 6. O-O O-O 7. Qe2 d6 8. e4
c5 9. e5 dxe5 10. dxe5 Nfd7 11. Ne4 Qc7 12. Bf4 Rd8 13. Nfg5 g6 14. Nxh7 Kxh7
15. Nd6 Kg7 16. Rfe1 Nc6 17. c3 Bxd6 18. exd6 Qc8 19. Qg4 Nf6 20. Qg5 Rh8 21.
Re3 Rh5 22. Qg3 Nd5 23. Rf3 c4 24. Bc2 Qd8 25. Bd2 Qd7 26. h4 Ne5 27. Bg5 Nxf3+
28. Qxf3 Qxd6 29. g4 Rxg5 30. hxg5 Qf4 31. Be4 Qxf3 32. Bxf3 Rb8 33. Rd1 Nf4
34. Bxb7 Rxb7 0-1

[Event "XVI Weekend A"]
[Site "Porto Sant'Elpidio ITA"]
[Date "2013.11.23"]
[Round "4"]
[White "Rinaudo, Sergio"]
[Black "Viviani, Alessio"]
[WhiteElo "2116"]
[BlackElo "2084"]
[Result "1-0"]
[PlyCount "65"]
[EventDate "2013.11.16"]

1. d4 Nf6 2. Nf3 g6 3. Nbd2 d5 4. c4 c6 5. e3 Bg7 6. Bd3 O-O 7. O-O Re8 8. h3
a6 9. e4 dxe4 10. Nxe4 Nxe4 11. Bxe4 Qc7 12. Qc2 Nd7 13. Bd3 c5 14. d5 Ne5 15.
Nxe5 Bxe5 16. Rb1 e6 17. Be3 exd5 18. cxd5 c4 19. Qxc4 Qxc4 20. Bxc4 Bf5 21.
Rbd1 b5 22. Bd3 Bxd3 23. Rxd3 Bxb2 24. d6 Rab8 25. d7 Red8 26. Rfd1 Rb7 27. Bc5
Bf6 28. Bb4 Bg5 29. Ba5 f5 30. Bxd8 Bxd8 31. Re1 Kf7 32. Re8 Rb8 33. Rc3 1-0

[Event "XVI Weekend A"]
[Site "Porto Sant'Elpidio ITA"]
[Date "2013.11.24"]
[Round "5"]
[White "Fratini, Mauro"]
[Black "Padovani, Alessio"]
[WhiteElo "1880"]
[BlackElo "1849"]
[Result "1/2-1/2"]
[PlyCount "71"]
[EventDate "2013.11.16"]

1. Nf3 d6 2. g3 Bg4 3. Bg2 Nc6 4. O-O Qd7 5. d3 h5 6. h4 O-O-O 7. c4 e5 8. Nc3
Bh3 9. Qa4 Bxg2 10. Kxg2 Kb8 11. Be3 Nf6 12. b4 Ng4 13. Bd2 f6 14. Nd5 g6 15.
b5 Ne7 16. Nb4 Bh6 17. Rab1 Ka8 18. Rb3 c5 19. Ra3 b6 20. Nc6 Nxc6 21. bxc6 Qc7
22. Rb1 Bxd2 23. Nxd2 Rh7 24. f3 Ne3+ 25. Kf2 Nf5 26. Rxb6 Qxb6 27. Rb3 Qc7 28.
Rb7 Qxb7 29. cxb7+ Rxb7 30. Ne4 Nd4 31. Qa3 Rdb8 32. Nxd6 Rb2 33. Nb5 Rxe2+ 34.
Kf1 Re1+ 35. Kf2 Re2+ 36. Kf1 1/2-1/2

[Event "XVI Weekend A"]
[Site "Porto Sant'Elpidio ITA"]
[Date "2013.11.24"]
[Round "5"]
[White "Guglielmi, Dante"]
[Black "Balzano, Filli"]
[WhiteElo "1910"]
[BlackElo "1944"]
[Result "0-1"]
[PlyCount "120"]
[EventDate "2013.11.16"]

1. c4 Nf6 2. Nc3 e6 3. Nf3 b6 4. g3 Bb7 5. Bg2 Be7 6. O-O O-O 7. d4 d5 8. Ne5
Nbd7 9. Nxd7 Qxd7 10. Bf4 c6 11. cxd5 cxd5 12. Rc1 Rac8 13. Qd3 Rfd8 14. Rc2
Ne8 15. Rfc1 Nd6 16. Bxd6 Bxd6 17. Qb5 Qxb5 18. Nxb5 Bb8 19. Rxc8 Rxc8 20.
Rxc8+ Bxc8 21. e4 dxe4 22. Bxe4 Kf8 23. f4 a6 24. Nc3 b5 25. Kf2 h6 26. Bc6 Ke7
27. Ne4 f5 28. Nc5 Kd6 29. Bf3 b4 30. Ke3 Ba7 31. Nd3 Bd7 32. Nxb4 Bb5 33. b3
a5 34. Nc2 Bb6 35. Na3 Ba6 36. Be2 Bxe2 37. Kxe2 Bxd4 38. Nc4+ Kd5 39. Nxa5 e5
40. fxe5 Bxe5 41. Nc4 Bc7 42. Kd3 f4 43. gxf4 Bxf4 44. h3 Kc5 45. a3 g5 46. Ke4
Bc1 47. Kd3 h5 48. Kc3 g4 49. hxg4 hxg4 50. a4 g3 51. Ne5 Kd5 52. Nf3 Ke4 53.
Ng1 Ke3 54. Kc2 Bd2 55. Kd1 Bb4 56. Nh3 Kf3 57. Ng5+ Kg4 58. Ke2 Kxg5 59. Kf3
Kh4 60. Kg2 Kg4 0-1

[Event "XVI Weekend A"]
[Site "Porto Sant'Elpidio ITA"]
[Date "2013.11.24"]
[Round "5"]
[White "Ljubisavljevic, Zivojin Z."]
[Black "Viviani, Alessio"]
[WhiteElo "2209"]
[BlackElo "2084"]
[Result "1-0"]
[PlyCount "73"]
[EventDate "2013.11.16"]

1. d4 Nf6 2. c3 g6 3. Bg5 Bg7 4. Nd2 O-O 5. e3 c5 6. h4 cxd4 7. cxd4 d6 8. Bxf6
Bxf6 9. h5 Nc6 10. hxg6 hxg6 11. a3 Kg7 12. Ne4 Rh8 13. Rxh8 Qxh8 14. Nxf6 exf6
15. Qf3 Qh1 16. Ne2 Be6 17. Rc1 Re8 18. b4 Re7 19. Kd2 Qh6 20. Qf4 g5 21. Qxd6
Rd7 22. Qg3 f5 23. f4 g4 24. Ke1 Qf6 25. Kf2 Qe7 26. Rc5 Nd8 27. Qh2 b6 28. Rc3
Rc7 29. Qh5 f6 30. e4 Rxc3 31. Nxc3 Qc7 32. Ne2 fxe4 33. f5 Bc4 34. Qxg4+ Kf8
35. Qxe4 Nf7 36. Nf4 Ng5 37. Ng6+ 1-0

[Event "XVI Weekend A"]
[Site "Porto Sant'Elpidio ITA"]
[Date "2013.11.24"]
[Round "5"]
[White "Marvulli, Dario"]
[Black "Rinaudo, Claudio"]
[WhiteElo "1889"]
[BlackElo "1790"]
[Result "1-0"]
[PlyCount "99"]
[EventDate "2013.11.16"]

1. e4 c6 2. d4 d5 3. exd5 cxd5 4. Bd3 Nc6 5. c3 Nf6 6. Bf4 Bg4 7. Qb3 Qd7 8.
Nd2 e6 9. Ngf3 Bxf3 10. Nxf3 Bd6 11. Bg3 O-O 12. O-O Bxg3 13. fxg3 Rab8 14.
Rae1 Qc7 15. Ng5 h6 16. Rxf6 hxg5 17. Rff1 Qe7 18. Qd1 g6 19. g4 Kg7 20. b4
Rbc8 21. Qe2 Rfe8 22. Rf2 Qd6 23. Qe3 f6 24. Rfe2 a6 25. a4 e5 26. Qg3 Qb8 27.
b5 axb5 28. axb5 Na5 29. dxe5 fxe5 30. Rxe5 Rxe5 31. Qxe5+ Qxe5 32. Rxe5 Rxc3
33. Rxd5 Kf6 34. Kf2 Nb3 35. Be2 Nc5 36. Ke1 Ne6 37. g3 Rc1+ 38. Kd2 Rc7 39.
Rd6 Ke5 40. Rb6 Rd7+ 41. Ke3 Rc7 42. Bf3 Nc5 43. Rxg6 Ne6 44. h4 gxh4 45. gxh4
Rc3+ 46. Kf2 Rc2+ 47. Kg3 Rb2 48. h5 Rxb5 49. h6 Nf8 50. Rg5+ 1-0

[Event "XVI Weekend A"]
[Site "Porto Sant'Elpidio ITA"]
[Date "2013.11.24"]
[Round "5"]
[White "Perogio, Lorenzo"]
[Black "Giobbi, Costantino"]
[WhiteElo "1854"]
[BlackElo "1846"]
[Result "0-1"]
[PlyCount "136"]
[EventDate "2013.11.16"]

1. e4 e6 2. d4 d5 3. Nd2 Nf6 4. e5 Nfd7 5. f4 c5 6. c3 Nc6 7. Ndf3 cxd4 8. cxd4
Be7 9. g3 O-O 10. Ne2 Nb6 11. Bg2 Bd7 12. O-O Rc8 13. a3 a5 14. Nc3 a4 15. Rb1
Na5 16. Bd2 Nb3 17. Be1 Nc4 18. Qd3 Qb6 19. Bf2 Bb5 20. Nxb5 Qxb5 21. Rfd1 Rc7
22. h4 Rfc8 23. Ng5 Bxg5 24. hxg5 Qd7 25. g4 g6 26. Be1 Nb6 27. Bc3 Rc4 28. Bf1
R4c7 29. Be2 Nc4 30. Kf2 Nxa3 31. Qh3 Nxb1 32. Rxb1 b5 33. Rh1 f6 34. gxf6 b4
35. Bxb4 Qf7 36. f5 Nxd4 37. fxg6 Qxg6 38. Bd3 Rc2+ 39. Bxc2 Rxc2+ 40. Kf1 Rc1+
41. Be1 Nc2 42. Kf2 Nxe1 43. Rxe1 Rxe1 44. f7+ Qxf7+ 45. Kxe1 Qf4 46. Qh5 Qc1+
47. Kf2 Qxb2+ 48. Kg3 Qc3+ 49. Kg2 Qc2+ 50. Kf3 Qg6 51. Qh4 Kf7 52. Qd8 Qe4+
53. Kf2 Qf4+ 54. Ke2 Qxg4+ 55. Kd2 Qd4+ 56. Kc2 Qxe5 57. Qd7+ Kg6 58. Qe8+ Kg5
59. Qe7+ Kg4 60. Kb1 h5 61. Ka2 Qe4 62. Ka3 h4 63. Qg7+ Kf3 64. Qf6+ Qf4 65.
Qh8 Kg2 66. Ka2 Qg4 67. Qb2+ Kh1 68. Qf2 Qg2 0-1

[Event "XVI Weekend A"]
[Site "Porto Sant'Elpidio ITA"]
[Date "2013.11.24"]
[Round "5"]
[White "Piergentili, Roberto"]
[Black "Iori, Massimiliano"]
[WhiteElo "1762"]
[BlackElo "1984"]
[Result "0-1"]
[PlyCount "126"]
[EventDate "2013.11.16"]

1. d4 d5 2. c4 e6 3. Nc3 Nf6 4. cxd5 exd5 5. Bg5 Be7 6. Qc2 O-O 7. e3 Re8 8.
Bd3 Nbd7 9. Nge2 c6 10. O-O h6 11. Bh4 Bd6 12. Kh1 Qc7 13. Bg3 Nh5 14. Bxd6
Qxd6 15. e4 dxe4 16. Nxe4 Qf8 17. Rae1 Ndf6 18. Nxf6+ Nxf6 19. Nf4 Bd7 20. Bc4
Qd6 21. Ng6 Be6 22. Bxe6 Rxe6 23. Rxe6 Qxe6 24. Ne5 Qxa2 25. Nc4 Rd8 26. Rd1
Qa6 27. h3 Qb5 28. Rd3 Qf5 29. Ne3 Qd7 30. Nc4 Nd5 31. Qd2 f6 32. Qa5 a6 33.
Qd2 Re8 34. Rg3 Qc7 35. Rg4 Kh8 36. Kg1 Qe7 37. Kh2 Qe1 38. Qxe1 Rxe1 39. Na5
Re7 40. Rg3 Rc7 41. Nc4 c5 42. dxc5 Rxc5 43. Nd6 b5 44. Ne8 g5 45. Nd6 Rc6 46.
Nf5 Kh7 47. Rd3 Rc5 48. Rd4 h5 49. Re4 h4 50. g3 hxg3+ 51. Kxg3 Kg6 52. Kg4 Rc4
53. Rxc4 bxc4 54. Nd6 f5+ 55. Kf3 Nb6 56. Ke3 Kf6 57. Kd4 Ke6 58. Nxc4 Nd7 59.
Ne3 Nf6 60. b4 Ne4 61. f3 Nd2 62. f4 gxf4 63. Nf1 Nxf1 0-1

[Event "XVI Weekend A"]
[Site "Porto Sant'Elpidio ITA"]
[Date "2013.11.24"]
[Round "5"]
[White "Rinaudo, Andrea"]
[Black "Foglia, Maurizio"]
[WhiteElo "2079"]
[BlackElo "2120"]
[Result "1-0"]
[PlyCount "29"]
[EventDate "2013.11.16"]

1. e4 c6 2. d4 d5 3. f3 dxe4 4. fxe4 e5 5. Nf3 Bg4 6. Bc4 Nf6 7. Bxf7+ Kxf7 8.
Nxe5+ Kg8 9. Nxg4 h5 10. Nxf6+ Qxf6 11. h4 Nd7 12. Bg5 Qg6 13. Qf3 Bb4+ 14. Nd2
Rf8 15. Qb3+ 1-0

[Event "XVI Weekend A"]
[Site "Porto Sant'Elpidio ITA"]
[Date "2013.11.24"]
[Round "5"]
[White "Sagripanti, Michele"]
[Black "Rinaudo, Sergio"]
[WhiteElo "2120"]
[BlackElo "2116"]
[Result "1/2-1/2"]
[PlyCount "126"]
[EventDate "2013.11.16"]

1. Nf3 d5 2. c4 e6 3. g3 Nf6 4. Bg2 Be7 5. O-O O-O 6. b3 c5 7. d3 Nc6 8. Re1 d4
9. e4 dxe3 10. fxe3 Qc7 11. Qe2 Rd8 12. Bb2 e5 13. Nc3 Bg4 14. Rad1 Qd7 15. Qf1
h6 16. h3 Bh5 17. g4 Bg6 18. e4 Qe6 19. Nd5 Rac8 20. Qf2 Nd4 21. Nh4 Nxd5 22.
exd5 Bxh4 23. Qxh4 Qd6 24. Bxd4 exd4 25. Qe7 Qg3 26. Qe5 Qxe5 27. Rxe5 Re8 28.
Rde1 Rxe5 29. Rxe5 Bxd3 30. d6 Rd8 31. Bxb7 Rxd6 32. Rxc5 Rd7 33. Bf3 Rd8 34.
Kf2 Bb1 35. a4 Bc2 36. Rd5 Rxd5 37. Bxd5 Bxb3 38. a5 Kf8 39. Ke2 Bc2 40. c5 Ke7
41. Bc4 Kd7 42. Bd3 Bb3 43. Be4 Bc4+ 44. Bd3 Bd5 45. Bb5+ Bc6 46. Bc4 Bg2 47.
Kf2 Bxh3 48. Kg3 Bxg4 49. Kxg4 Kc6 50. Bxf7 Kxc5 51. Kf4 Kb4 52. Kf3 g5 53. Bh5
Kc3 54. Ke2 d3+ 55. Kd1 d2 56. Be2 Kd4 57. Kxd2 Ke4 58. Ke1 Kf4 59. Kf2 g4 60.
Kg2 h5 61. a6 h4 62. Bd1 Kg5 63. Be2 Kf4 1/2-1/2

[Event "XVI Weekend A"]
[Site "Porto Sant'Elpidio ITA"]
[Date "2013.11.24"]
[Round "6"]
[White "Balzano, Filli"]
[Black "Iori, Massimiliano"]
[WhiteElo "1944"]
[BlackElo "1984"]
[Result "0-1"]
[PlyCount "40"]
[EventDate "2013.11.16"]

1. e4 e5 2. Nf3 Nf6 3. Nxe5 d6 4. Nf3 Nxe4 5. d4 d5 6. Bd3 Bd6 7. O-O O-O 8. c4
c6 9. Nc3 Nxc3 10. bxc3 Bg4 11. Bxh7+ Kxh7 12. Ng5+ Qxg5 13. Bxg5 Bxd1 14.
Rfxd1 dxc4 15. d5 c5 16. Rab1 b6 17. Re1 Nd7 18. Be7 Bxe7 19. Rxe7 Rad8 20. Rd1
Kg8 0-1

[Event "XVI Weekend A"]
[Site "Porto Sant'Elpidio ITA"]
[Date "2013.11.24"]
[Round "6"]
[White "Foglia, Maurizio"]
[Black "Guglielmi, Dante"]
[WhiteElo "2120"]
[BlackElo "1910"]
[Result "1-0"]
[PlyCount "145"]
[EventDate "2013.11.16"]

1. d4 d5 2. c4 e6 3. Nf3 Nf6 4. g3 Be7 5. Bg2 O-O 6. O-O Nbd7 7. Nbd2 b6 8. Qc2
Bb7 9. Ne5 c5 10. Nxd7 Qxd7 11. dxc5 Bxc5 12. Nb3 Be7 13. cxd5 Nxd5 14. Qd3
Rfd8 15. Bd2 Nf6 16. Qxd7 Rxd7 17. Bxb7 Rxb7 18. Rac1 Rd7 19. Rc2 Rad8 20. f3
Nd5 21. a3 h6 22. Rfc1 Nf6 23. Kf1 g5 24. Ke1 Kg7 25. Be3 g4 26. Bf2 gxf3 27.
exf3 Ne8 28. Nd2 Bg5 29. f4 Bf6 30. Ne4 Bd4 31. Bxd4+ Rxd4 32. Rc4 Rxc4 33.
Rxc4 Rd7 34. Ke2 Nc7 35. Nd2 Nd5 36. Nf3 f6 37. Nd4 Kf7 38. Nf3 Kg7 39. Rd4 Kf7
40. Kd2 Rc7 41. f5 Rd7 42. fxe6+ Kxe6 43. Rh4 Ne7+ 44. Kc2 Nf5 45. Re4+ Kf7 46.
g4 Ne7 47. h4 Nd5 48. Kb3 Nc7 49. Nd4 Na6 50. Rf4 Nc5+ 51. Kc4 Ne6 52. Nxe6
Kxe6 53. Re4+ Kf7 54. b4 a6 55. h5 Rd1 56. Rd4 Rxd4+ 57. Kxd4 Ke6 58. Ke4 a5
59. bxa5 bxa5 60. a4 Ke7 61. Kf5 Kf7 62. Ke4 Ke6 63. Kf4 Ke7 64. Ke3 Kd6 65.
Kd4 Ke6 66. Ke4 Ke7 67. Kd5 Kd7 68. Kc5 Ke6 69. Kb5 f5 70. gxf5+ Kxf5 71. Kxa5
Kg5 72. Kb6 Kxh5 73. a5 1-0

[Event "XVI Weekend A"]
[Site "Porto Sant'Elpidio ITA"]
[Date "2013.11.24"]
[Round "6"]
[White "Giobbi, Costantino"]
[Black "Padovani, Alessio"]
[WhiteElo "1846"]
[BlackElo "1849"]
[Result "1/2-1/2"]
[PlyCount "26"]
[EventDate "2013.11.16"]

1. e4 e6 2. d3 d5 3. Nd2 Nf6 4. g3 dxe4 5. dxe4 e5 6. Ngf3 Nc6 7. c3 h6 8. Qc2
Be6 9. Bg2 Qd7 10. O-O Bh3 11. Rd1 Bxg2 12. Kxg2 O-O-O 13. b3 Qd3 1/2-1/2

[Event "XVI Weekend A"]
[Site "Porto Sant'Elpidio ITA"]
[Date "2013.11.24"]
[Round "6"]
[White "Piergentili, Roberto"]
[Black "Perogio, Lorenzo"]
[WhiteElo "1762"]
[BlackElo "1854"]
[Result "1/2-1/2"]
[PlyCount "31"]
[EventDate "2013.11.16"]

1. d4 Nf6 2. c4 d6 3. Nc3 g6 4. e4 Bg7 5. f3 O-O 6. Be3 c5 7. Nge2 Nc6 8. Qd2
Nd7 9. dxc5 Nxc5 10. Rd1 Be6 11. Nd4 Nxd4 12. Bxd4 f6 13. Be2 Bf7 14. O-O Nd7
15. b3 Re8 16. Nd5 1/2-1/2

[Event "XVI Weekend A"]
[Site "Porto Sant'Elpidio ITA"]
[Date "2013.11.24"]
[Round "6"]
[White "Rinaudo, Claudio"]
[Black "Fratini, Mauro"]
[WhiteElo "1790"]
[BlackElo "1880"]
[Result "1-0"]
[PlyCount "111"]
[EventDate "2013.11.16"]

1. d4 d5 2. Nf3 Nf6 3. e3 c6 4. Bd3 Bg4 5. h3 Bh5 6. c4 e6 7. Nbd2 Nbd7 8. O-O
Be7 9. Re1 O-O 10. Qc2 dxc4 11. Bxc4 Bg6 12. Bd3 Bxd3 13. Qxd3 c5 14. Nc4 cxd4
15. Nxd4 Nc5 16. Qe2 a6 17. Bd2 Nce4 18. Red1 Rc8 19. Ba5 Qd5 20. Rac1 Rxc4 21.
Qxc4 Qxa5 22. a3 Qe5 23. b4 Nd5 24. Nf3 Qf5 25. Rd4 Ndf6 26. Qc7 Nd5 27. Qxb7
Bf6 28. Rdd1 Bb2 29. Rc8 g6 30. Rxf8+ Kxf8 31. Qxa6 Be5 32. b5 Ndc3 33. Re1
Nxb5 34. a4 Nbd6 35. Rd1 Kg7 36. Qa7 Nc4 37. Qd7 Bc3 38. Rf1 Ne5 39. Nxe5 Bxe5
40. a5 Bd6 41. Qa4 Nc3 42. Qd4+ Be5 43. Qc4 Bf6 44. a6 Qa5 45. Rc1 Nb5 46. Qc6
Bd8 47. Qb7 Bb6 48. g3 Nd6 49. Qc6 Nb5 50. Rb1 Qxa6 51. Qxb5 Qxb5 52. Rxb5 Bd8
53. e4 h5 54. f4 Kf6 55. Kf2 Be7 56. Kf3 1-0

[Event "XVI Weekend A"]
[Site "Porto Sant'Elpidio ITA"]
[Date "2013.11.24"]
[Round "6"]
[White "Sagripanti, Michele"]
[Black "Ljubisavljevic, Zivojin Z."]
[WhiteElo "2120"]
[BlackElo "2209"]
[Result "0-1"]
[PlyCount "118"]
[EventDate "2013.11.16"]

1. e4 e6 2. d4 d5 3. Nd2 c5 4. Ngf3 dxe4 5. Nxe4 cxd4 6. Qxd4 Qxd4 7. Nxd4 a6
8. Bf4 Nf6 9. Nxf6+ gxf6 10. Be3 e5 11. Nb3 Nc6 12. O-O-O Rg8 13. Bb6 Bf5 14.
a3 Rc8 15. Bd3 Be6 16. g3 f5 17. f3 Nb8 18. Kb1 Nd7 19. Bf2 Bc5 20. Nxc5 Nxc5
21. Rhe1 f6 22. Bf1 Ke7 23. Rd2 Rgd8 24. Red1 Rxd2 25. Rxd2 h5 26. b3 h4 27.
gxh4 f4 28. Kb2 Nd7 29. Rd3 f5 30. Rc3 Rxc3 31. Kxc3 Bd5 32. Be2 Nf6 33. Kd2
Bc6 34. c4 b5 35. cxb5 axb5 36. Bd1 Ke6 37. a4 Kd5 38. axb5 Bxb5 39. Be2 Bxe2
40. Kxe2 e4 41. fxe4+ fxe4 42. h3 Nh5 43. b4 Kc4 44. Bc5 Ng3+ 45. Kf2 Kd3 46.
b5 e3+ 47. Kf3 Ne4 48. Bb4 Nd2+ 49. Kxf4 e2 50. Bxd2 Kxd2 51. h5 e1=Q 52. Kg5
Qe7+ 53. Kg6 Qe8+ 54. Kh6 Qxb5 55. h4 Ke3 56. Kg6 Qe8+ 57. Kg5 Ke4 58. h6 Qg8+
59. Kf6 Kf4 0-1

[Event "XVI Weekend A"]
[Site "Porto Sant'Elpidio ITA"]
[Date "2013.11.24"]
[Round "6"]
[White "Viviani, Alessio"]
[Black "Marvulli, Dario"]
[WhiteElo "2084"]
[BlackElo "1889"]
[Result "1-0"]
[PlyCount "95"]
[EventDate "2013.11.16"]

1. e4 Nc6 2. Nf3 e5 3. Bb5 a6 4. Ba4 Nf6 5. O-O Be7 6. Re1 b5 7. Bb3 O-O 8. c3
d5 9. exd5 e4 10. Ng5 Nxd5 11. Nxe4 Be6 12. d4 Na5 13. Bc2 b4 14. Qd3 g6 15. c4
Nf6 16. b3 Nxe4 17. Qxe4 Bf6 18. Bb2 Re8 19. Qf4 Bf5 20. Rxe8+ Qxe8 21. Nd2
Bxc2 22. Qxf6 Qe6 23. Qxe6 fxe6 24. Re1 Bf5 25. f3 h5 26. Ne4 Kf7 27. Ng5+ Ke7
28. Nxe6 Kd6 29. Ng5 Bc2 30. Nf7+ Kd7 31. Re2 Bb1 32. Bc1 Nc6 33. d5 Nd4 34.
Rb2 Bf5 35. Be3 Nc2 36. Ne5+ Kd6 37. Bf4 Kc5 38. Nc6 Re8 39. Kf2 Bd3 40. Ne5
Kd4 41. Nxd3 Kxd3 42. Rxc2 Kxc2 43. Bxc7 h4 44. f4 Re4 45. d6 Rd4 46. Ke3 Rd1
47. c5 Rd3+ 48. Ke4 1-0